<?xml version="1.0" encoding="UTF-8"?>
<record
    xmlns:xsi="http://www.w3.org/2001/XMLSchema-instance"
    xsi:schemaLocation="http://www.loc.gov/MARC21/slim http://www.loc.gov/standards/marcxml/schema/MARC21slim.xsd"
    xmlns="http://www.loc.gov/MARC21/slim">

  <leader>03740nab a2200241 i 4500</leader>
  <controlfield tag="003">BR-BrBNA</controlfield>
  <controlfield tag="005">20251113174146.0</controlfield>
  <controlfield tag="008">251113b2022    bl.ar|pooa||| 00| 0 eng |</controlfield>
  <datafield tag="040" ind1=" " ind2=" ">
    <subfield code="a">BR-BrBNA</subfield>
    <subfield code="b">eng</subfield>
  </datafield>
  <datafield tag="072" ind1=" " ind2=" ">
    <subfield code="a">B50</subfield>
  </datafield>
  <datafield tag="100" ind1=" " ind2=" ">
    <subfield code="a">Domingues, Heloisa Maria Bertol </subfield>
  </datafield>
  <datafield tag="245" ind1=" " ind2=" ">
    <subfield code="a">Jo&#xE3;o Barbosa Rodrigues and &#x201C;Queen Rubber&#x201D;: An innovative scientific culture</subfield>
  </datafield>
  <datafield tag="500" ind1=" " ind2=" ">
    <subfield code="a">Publica&#xE7;&#xE3;o on-line; 27 ref.; Summaries (En, Pt)</subfield>
  </datafield>
  <datafield tag="520" ind1=" " ind2=" ">
    <subfield code="a">

Abstract

This work presents the history of rubber in the Amazon based on an article by Jo&#xE3;o Barbosa Rodrigues. In his text,
he emphasized the age of the traditional knowledge used by the native populations in the Americas to produce the
various objects made from rubber. He showed how European scientists based their studies on that knowledge to
understand rubber and expand its use. In his analysis of the exploitative production process that was introduced
in the Amazon region, Barbosa Rodrigues presented the indigenous production methods, which have never been
surpassed. He contrasted them with the social degradation to which those native populations were submitted, as
well as the damage done to the environment, which the native populations had previously preserved. He concluded
that far from being a mere condemnation of the violent process of colonization, his work was designed to promote
continued rubber development. He defended cultivation in line with ecological principles that would preserve the
environment, while also allowing those who held knowledge of sustainable production processes, as they are now
called, to return to their self-supporting lifestyles. Barbosa Rodrigues proposed a new, and previously unknown
scientific culture for development in regard to societal organization and production of wealth. 

Key words: Amazon, Barbosa Rodrigues, environmental preservation, rubber, traditional knowledge.




Resumo

Este trabalho, apresenta uma hist&#xF3;ria da borracha na Amaz&#xF4;nia, partindo de um artigo de Jo&#xE3;o Barbosa Rodrigues
sobre o tema. No texto, ele chamou a aten&#xE7;&#xE3;o para a antiguidade da tradi&#xE7;&#xE3;o dos conhecimentos sobre a produ&#xE7;&#xE3;o
de diversos objetos de borracha, feitos pelos &#xED;ndios da Am&#xE9;rica. Mostrou o quanto a ci&#xEA;ncia europeia pautou-se
naqueles conhecimentos para entender a borracha e expandir o seu uso. Ao analisar o processo explorat&#xF3;rio
introduzido na Amaz&#xF4;nia, Barbosa Rodrigues discutiu os modos de produ&#xE7;&#xE3;o do &#xED;ndios &#x2013; nunca superados &#x2013;
contraposto &#xE0; degrada&#xE7;&#xE3;o social a que foram submetidas aquelas popula&#xE7;&#xF5;es e a natureza, que at&#xE9; ent&#xE3;o haviam
sabido preservar. Conclui-se que o seu trabalho, longe de ser uma mera acusa&#xE7;&#xE3;o ao modo violento do processo
colonizador, foi um projeto para continuar explorando a borracha, prevendo o seu cultivo agr&#xED;cola, sob princ&#xED;pios
ecol&#xF3;gicos que preservassem o meio e, ao mesmo tempo, devolvessem a vida aut&#xF4;noma aos detentores dos
conhecimentos de um processo produtivo sustent&#xE1;vel, como se diz hoje. Barbosa Rodrigues prop&#xF4;s uma nova e,
ent&#xE3;o, in&#xE9;dita cultura cient&#xED;fica para explora&#xE7;&#xE3;o do meio relativa &#xE0; organiza&#xE7;&#xE3;o da sociedade e &#xE0; produ&#xE7;&#xE3;o da riqueza. 

Palavras-chave: Amaz&#xF4;nia, Barbosa Rodrigues, preserva&#xE7;&#xE3;o do meio, borracha, conhecimentos tradicionais.</subfield>
  </datafield>
  <datafield tag="650" ind1=" " ind2=" ">
    <subfield code="a">AMAZ&#xD4;NIA</subfield>
  </datafield>
  <datafield tag="650" ind1=" " ind2=" ">
    <subfield code="a">BARBOSA RODRIGUES</subfield>
  </datafield>
  <datafield tag="650" ind1=" " ind2=" ">
    <subfield code="a">PRESERVA&#xC7;&#xC3;O DA NATUREZA</subfield>
  </datafield>
  <datafield tag="650" ind1=" " ind2=" ">
    <subfield code="a">BORRACHA</subfield>
  </datafield>
  <datafield tag="773" ind1="0" ind2=" ">
    <subfield code="0">709</subfield>
    <subfield code="9">357916</subfield>
    <subfield code="d">Rio de Janeiro-RJ Jardim Botanico do Rio de Janeiro 1935</subfield>
    <subfield code="o">2025-5881</subfield>
    <subfield code="t">Rodrigu&#xE9;sia (Brazil)</subfield>
    <subfield code="x">0370-6583; 2175-7860 on-line</subfield>
    <subfield code="g">v. 73 p. 1-12; (2022)</subfield>
    <subfield code="w">BR2025004418</subfield>
  </datafield>
  <datafield tag="856" ind1=" " ind2=" ">
    <subfield code="u">https://www.scielo.br/j/rod/a/fjxJN6fdsg7MGMDqqPnPhTG/?format=pdf&amp;lang=en</subfield>
  </datafield>
  <datafield tag="942" ind1=" " ind2=" ">
    <subfield code="c">ANA</subfield>
  </datafield>
  <datafield tag="999" ind1=" " ind2=" ">
    <subfield code="c">339057</subfield>
    <subfield code="d">339057</subfield>
  </datafield>
</record>
